Представление документа в формате RUSMARC

ПолеНазваниеЗначение
  Тип записи a
  Библиографический уровень c
001 Контрольный номер RU/SLIB/B/208787997
005 Дата корректировки 20211217101624.6
010 Индекс ISBN __
d Цена 0-50
100 Данные общей обработки __
a Данные общей обработки 20211217d1989 m y0rusy028902 ca
101 Язык документа 0_
a Язык текста rus
c Язык оригинала rus
102 Страна публикации __
a Страна публикации RU
105 Кодированные данные (монография) __
a Кодированные данные (монография) a z 000dy
181 Поле кодированных данных: вид содержания _0
a Код вида содержания (ISBD) i
182 Поле кодированных данных: тип средства _0
a Код типа средства (ISBD) n
200 Заглавие и сведения об ответственности 1_
a Заглавие Всегда в прокате
e Сведения, относящиеся к заглавию сб. юморист. рассказов и пародий
f Первые сведения об ответственности сост. А. Хорт ; рис. С. Тюнина
b Общее обозначение материала Текст
210 Выходные данные 1_
a Место издания М.
c Издательство Киноцентр
d Дата издания 1989
215 Физическое описание __
a Объем 96 с.
c Иллюстрации/тип воспроизводства ил.
606 Тематические рубрики __
a Основная рубрика Музыка и зрелищные искусства
606 Тематические рубрики __
a Основная рубрика Художественно-игровое кино
610 Ключевые слова 0_
a Ключевые слова рассказы; пародии; юмористические рассказы; сценарии
686 Индексы других классификаций __
a Классификационный индекс ст85.373(2)
702 Вторичная интеллектуальная ответственность _1
a Фамилия Тюнин
b Имя С.
4 Код отношения Художник
4 Код отношения 040
702 Вторичная интеллектуальная ответственность _1
a Фамилия Хорт
b Имя А.
4 Код отношения Составитель
4 Код отношения 220
801 Источник записи _0
a Страна RU
b Организация Муниципальное бюджетное учреждение культуры "Централизованная библиотечная система" г. Сургут (Центральная городская библиотека им. А. С. Пушкина)
g Правила каталогизации ЦДБ/Суздальцева
801 Источник записи _1
a Страна RU
b Организация Муниципальное бюджетное учреждение культуры "Централизованная библиотечная система" г. Сургут (Центральная городская библиотека им. А. С. Пушкина)
g Правила каталогизации ЦДБ/Суздальцева
852 Данные о местонахождении __
j Шифр хранения ст85.373(2)
c Каталожный индекс 85.374
i Авторский знак В 84
p Инвентарный номер 42928
901 Тип документа __
t Тип документа x
903 Характеристики (МАРС) __
a Дата передачи 20060418
969 Тип издания __
a Тип издания сборник
990 Данные о заказе (DOS) __
j Количество экземпляров (DOS) 1
t N записи в КСУ для И/У (DOS) ретр